000 00346nam a2200133Ia 4500
008 240624s9999 xx 000 0 und d
041 _aeng
082 _a320.6 SAP
100 _aSAPRU RADHAKRISHAN
245 _aPUBLIC POLICY A CONTEMPORARY PERSPECTIVE
260 _c2017
_aNew Delhi
_bSage
300 _axviii, 351 p.; 24 cm.
365 _cRS
_b32
999 _c29578
_d29578